| 000 | 00491nam a2200181Ia 4500 | ||
|---|---|---|---|
| 001 | 2891 | ||
| 005 | 20260306144840.0 | ||
| 008 | 260306t2016||||xx |||||||||||||| ||spa|| | ||
| 041 | _aESP | ||
| 082 |
_a231.5 _bS55 |
||
| 100 |
_aSilvestre, Juan José _eAUT |
||
| 245 | 0 |
_aDiálogos de teología XVIII: _beucaristía y reconciliación en el año santo de la misericordia |
|
| 260 | _c2016 | ||
| 300 |
_a80 páginas : _c24 cm. |
||
| 650 | _aGEN | ||
| 654 | _aCHU | ||
| 942 |
_cLIB _dJUS _fJUS _2ddc _n |
||
| 999 |
_c2891 _d2891 |
||